| 000 | 00902nam a2200277 a 4500 | ||
|---|---|---|---|
| 001 | 60658 | ||
| 003 | BD-RjUL | ||
| 005 | 20211209080852.0 | ||
| 008 | 170102s1953 ilua 001 0 eng d | ||
| 035 | _a(BD-RjUL)60782 | ||
| 035 | _a(OCoLC)543095 | ||
| 040 |
_aDLC _cODaWU _dOCoLC _dDLC _beng |
||
| 041 | _aeng | ||
| 082 |
_a658 _223 _bWRI 1953 |
||
| 245 | 1 | 4 |
_aThe writings of the Gilbreths / _cedited by William R. Spriegel and Clark E. Myers. |
| 260 |
_aHomewood, Ill. : _bR. D. Irwin, _c1953. |
||
| 300 |
_a513 p. : _bill. ; _c24 cm. |
||
| 490 | 0 | _aIrwin series in industrial engineering and management | |
| 500 | _aIncludes index | ||
| 650 | 0 |
_aIndustrial management. _9171014 |
|
| 700 | 1 |
_aMyers, Clark E., _ejoint ed. _9180694 |
|
| 700 | 1 |
_aGilbreth, Frank Bunker, _d1868-1924. _9180695 |
|
| 700 | 1 |
_aGilbreth, Lillian Moller, _d1878-1972. _9180696 |
|
| 942 |
_2ddc _cBK |
||
| 999 |
_c60658 _d60658 |
||